000 02011cam a22005054i 4500
003 PE-LiUPU
005 20250731165551.0
008 150625s r 000 0 d
035 _a(Sirsi) a34531
035 _a(Sirsi) a34531
040 _aPE-LiUPU
_bspa
_cPE-LiUPU
_erda
082 0 4 _a985.04
_bD
_223
245 0 0 _aDocumentación oficial Española :
_nVolumen 1. /
_ccompilación y prólogo por Guillermo Lohmann Villena.
264 1 _aLima :
_bComisión Nacional del Sesquicentenario de la Independencia del Perú,
_c1972
300 _av. 1 :
_bfacsím. (algunos plegs.) ;
_c24 cm.
336 _atext
_2rdacontent
337 _aunmediated
_2rdamedia
338 _avolume
_2rdacarrier
490 0 _aColección Documental de la Independencia del Perú ;
_v22 / 1
500 _a"Año de los censos nacionales"
505 _aEl virrey Frey Francisco Gil de Taboada y Lemus -- El virrey don Ambrosio O'higgins marques de Osorno -- El virrey don Gabriel de Avilés. Marques de Avilés -- El virrey don José Fernando de Abascal y Sousa. Marqués de la Concordia.
526 _aSEG44
526 _aSEG26
526 _aP151
526 _aP150
526 _aP149
526 _aP146
526 _aP145
526 _aP126
526 _aP125
526 _aP92
526 _aP75
526 _aP74
526 _aP27
526 _aP15
651 _aCusco (Perú : Departamento)
_xHistoria
_yVirreinato, 1700-1808
651 _aPerú
_xHistoria
_yVirreinato, 1555-1808
_vDocumentos.
700 1 _aLohmann Villena, Guillermo,
_d1915-2005
_92272
700 1 _aVillanueva Urteaga, Horacio1918-.
710 2 _a.Comisión Nacional del Sesquicentenario de la Independencia del Perú
942 _2ddc
_cBK
949 _aRC 985.04 D 22 / 1
_wDEWEY
_c1
_i17032
_lRC
_mBUL
_r0
_sY
_tBOOK
_u2015-6-25
_xBIBLIOTECA
_zUNKNOWN
_0COMPRA
_o.CIRCNOTE. No olvidar cambiar la fecha de devolución!!!!!!!
_o.STAFF. Colección General
999 _c42398
_d42398
980 _81
_gALBERTO SANCHEZ Responsable de Automatización